Statistiken für Varo 4 Teilnehmer

Klicken Sie hier um das Quiz zu spielen!

Allgemein

  • Dieses Quiz wurde 1.121 mal gespielt
  • Das Durchschnittsergebnis liegt bei 23 aus 66

Antwortstatistiken

Antwort% Korrekt
BastiGHG
92%
Paluten
92%
GermanLetsPlay
91%
Stegi
83%
Rewinside
81%
Venicraft
74%
Concrafter
72%
Dner
71%
Zombey
71%
Maudado
70%
Ungespielt
68%
SturmwaffelLP
65%
GommeHD
63%
KranCrafter
62%
Castcrafter
61%
SparkofPhoenix
59%
McExpertDE
53%
Izzi
50%
MrMoregame
43%
DebitorLP
40%
LPmitKev
40%
Haubna
37%
Rotpilz
37%
Beni
36%
DoctorBenx
35%
FazonHD
35%
LetsPhil
35%
PetritLP
34%
AviveHD
32%
Brammen
32%
LOGO
31%
ARRi
30%
baastiZockt
27%
MOOO
27%
CoRRoNa
24%
Earliboy
23%
Tobination
22%
Dhalucard
21%
Gamerstime
21%
ViceVice
21%
ZanderLP
21%
Sarazar
20%
HollyLP
19%
minusduude
19%
AnyArt
17%
Balui
16%
DelayLP
15%
EsKayZockt
15%
NichtNilo
15%
skate702
15%
Selbstgespräch
14%
Takaishii
14%
Dadosch
13%
OdinakaJesus
13%
EasnLP
12%
NexotekHD
12%
SergeantMax
11%
QuotenKadl
10%
tinNendo
10%
DestinyCast
9%
T4rosLP
9%
Kukielka
8%
Doim95
7%
Fr3aksLP
7%
KiwiKilian
7%
GigaGrievi
6%

Verteilung der Resultate

Perzentil nach korrekt beantworteten Fragen

Anzahl Personen mit jedem Resultat

Ihre Resultats-Entwicklung

Sie haben dieses Quiz noch nicht gespielt